00932cam a2200241 a 450000100100000000500170001000800410002704000230006808200270009110000520011824500600017025000110023026000490024130000280029049000240031850400320034260000490037465000560042383000320047991000340051195201300054599900150067500000591220240305134030.0830119s1973 gt a b f001 0bspa  aDO-SdBNPcDLCdDLC a928.7281bG633B, 1973.1 aBarrientos, Alfonso Enrique,d1921-2007.91667610aEnrique Gómez Carrillo /cAlfonso Enrique Barrientos. a2a ed. aGuatemala :bJosé de Pineda Ibarra,c1973. a306 p. :bil. ;c21 cm.1 aCentenario ;vno. 1 aBibliografía: p. 281-291.10aGómez Carrillo, Enrique,d1873-1927916677 4aAutores guatemaltecosySIGLO XXxBiografía916678 0aCentenario ;vno. 1.914767 aCatalogación por copia / LC 001052708MOaGRbGRcCTd2009-08-24iLF1l0o928.7281 G633B, 1973.p5912-10r2020-06-25w2020-06-25y2ZPréstamo interno c5708d5708